| 000 | 00738nam a2200253Ia 4500 | ||
|---|---|---|---|
| 003 | OSt | ||
| 005 | 20220925230629.0 | ||
| 006 | a|||||r|||| 00| 0 | ||
| 007 | ta | ||
| 008 | 220923b |||||||| |||| 00| 0 eng d | ||
| 020 | _a0862328128 | ||
| 037 | _cGeneral Book | ||
| 040 |
_aRTL _cRTL _beng |
||
| 041 |
_2eng _aeng |
||
| 082 | _aX0gF.1(X).N8, N0 | ||
| 100 |
_aBhagavan M R _9293967 |
||
| 245 | 0 |
_aTechnologcial Advance in the of third world _bStrategies and prospects |
|
| 260 |
_aLondon _bZed Books _c1990 |
||
| 300 |
_axii,156p _ccm. |
||
| 500 | _aBibliography: P 149-152 | ||
| 650 | _aEconomics IRT Technology | ||
| 942 |
_hX0gF.1(X).N8, N0 _cGB _2CC |
||
| 999 |
_c586164 _d586164 |
||